Word Ladder: You've Got Mail! Quiz Stats

 Plays Quiz Updated Oct 24, 2018

Score 0/27 Timer 02:30
0 Plays Today
Clue 4-Letter Word % Correct
To deliver an email to someone else• SEND •
96.2%
ZIP ___, address portion• CODE •
92.2%
When summer beginsJUNE
88.3%
A really Great dog breedDANE
87.8%
Discarded email, often from a business• JUNK •
87.8%
Type of cabbage slawCOLE
87.5%
Thick piece, or a handsome guyHUNK
87.1%
Part in a playROLE
86.7%
Word with traffic or pineCONE
86.4%
Respond to a bumper stickerHONK
85.6%
Zack's brother in 'The Suite Life'CODY
85.1%
Type of buggyDUNE
84.5%
Grow less visible, like the moonWANE
84%
Sharpen a swordHONE
82.9%
Clue 4-Letter Word % Correct
Deal with a tough situationCOPE
80.9%
Verb used on a letter to SantaWANT
80.7%
Unwanted email that may be malicious• SPAM •
80.5%
Took a vacationWENT
80.2%
Chair, e.g.SEAT
78.7%
A red wax fancy envelope closerSEAL
78.7%
Carbon ____ or Blind Carbon ____• COPY •
78.5%
Meander, like a streamWEND
78.3%
Exchange goods for moneySELL
77.7%
Surface in front of a windowSILL
74.8%
A small argumentSPAT
73.2%
Turn ROLL
66.8%
A small streamRILL
63.9%

Today's Daily Dose

Missing Word
Banned Books (A-Z)

Word Ladder
Janis Joplin

Get the Picture
Occupations

You're not logged in!

Compare scores with friends on all Sporcle quizzes.
OR
Log In

Sporcle TV

Today on Sporcle TV


Watch our educational content, quiz creation guides, and fun videos on Sporcle TV.

Show Comments

Extras

Top Quizzes Today


Score Distribution

Your Account Isn't Verified!

In order to create a playlist on Sporcle, you need to verify the email address you used during registration. Go to your Sporcle Settings to finish the process.

Report this User

Report this user for behavior that violates our Community Guidelines.

Details: